000 00824nam a22002777a 4500
001 0000905
003 KOHA_MİRAKIL
005 20260207001223.0
007 ta
008 081212b2002 tu |||grd|||#0|||1|tur |
020 _a9754711607
_cYTL31,485
040 _aTR-BiSEU
_btur
_cTR-BiSEU
_erda
041 0 _atur
044 _ctu
050 _aPE1689
_b.B89 2002
240 1 0 _afono dictionary of English idioms
_lTürkçe
245 0 _aFono İngilizce - Türkçe büyük deyimler sözlüğü =
_bfono dictionary of English idioms.
264 1 _aİstanbul :
_bFono Yayınları
_c2002
300 _a539 sayfa
336 _ametin
_btxt
_2rdacontent
337 _aaracısız
_bn
_2rdamedia
338 _acilt
_bnc
_2rdacarrier
650 0 _aEnglish language--phrases and idioms.
_93486
907 _aSözlük
942 _2lcc
_cBK
999 _c900
_d900